| 000 | 00411cam a22001217a 4500 | ||
|---|---|---|---|
| 008 | 180718b1988 xxu||||| |||| 00| 0 eng d | ||
| 082 | _aA81x54 In2/81/23/PT10B/K | ||
| 100 | _aCensus of India 1981 | ||
| 245 | _aWest Bengal: town survey report, Krishnapur | ||
| 260 |
_aCalcutta _bJoint Director of Census Operations _c1988 |
||
| 300 | _a203+p. | ||
| 440 | _aCensus of India 1981. Series-23, West Bengal. Part-X-(B) | ||
| 999 |
_c483536 _d483536 |
||